| 000 | 004820000a22001690004500 | ||
|---|---|---|---|
| 003 | MACL | ||
| 005 | 20160110132705.0 | ||
| 008 | 160110b xxu||||| |||| 00| 0 eng d | ||
| 040 |
_aMACL _cMACL |
||
| 041 | _aEnglish | ||
| 082 | _a796.352/EVE | ||
| 100 |
_aEverard, H S C _930910 |
||
| 245 |
_aA History of the Royal & Ancient Golf Club _bSt Andrews from 1754-1900 |
||
| 260 |
_bWilliam Blackwood & Sons Ltd _c1907 _aLondon |
||
| 650 |
_aGames _930911 |
||
| 942 |
_cBK _k796.352/EVE _2ddc |
||
| 999 |
_c37273 _d37273 |
||